Statistics for 7 main disney princesses

Click here to take the quiz!

General Stats

  • This quiz has been taken 281 times
  • The average score is 7 of 7

Answer Stats

HintAnswer% Correct
has 2 step sisterscinderella
99%
reads a lot of booksbelle
96%
fell in love with prince ericariel
95%
has a tiger for a petjasmine
94%
went into war as a manmulan
94%
the fairest of them allsnow white
94%
pricked her finger on a spinning wheelsleeping beauty
82%

Score Distribution

Percentile by Number Answered

Percent of People with Each Score

Your Score History

You have not taken this quiz